Midnights-Album (Taylor Swift) - Statistics

General Stats
  • This quiz has been taken 173 times
  • The average score is 21 of 24
Answer Stats
# Title % Correct
11. Karma
100%
23. (Feat. Ice Spice) Karma
100%
1. Lavender Haze
100%
4. (Feat Lana Del Rey) Snow On The Beach
100%
22. (Feat. More LDR) Snow On The Beach
100%
3. Anti-Hero
97%
2. Maroon
95%
16. Paris
90%
5. You're On Your Own Kid
90%
9. Bejeweled
89%
6. Midnight Rain
88%
8. Vigilante Shit
88%
24. (From The Vault) You're Losing Me
87%
13. Mastermind
84%
18. Glitch
82%
19. Would've Could've Should've
80%
21. Hits Different
79%
14. The Great War
79%
15. Bigger Than The Whole Sky
78%
20. Dear Reader
78%
7. Question...?
78%
10. Labyrinth
74%
17. High Infidelity
73%
12. Sweet Nothing
68%
No matching quizzes found
Score Distribution
Percent of People with Each Score
Percentile by Number Answered
Your Score History
You have not taken this quiz